|
|
|
|
| LEADER |
00000cam a2200000 i 4500 |
| 001 |
1/87682 |
| 008 |
960704s1976 gr | ||| |||| ||gre|| |
| 035 |
|
|
|a 1987
|c Αγορά
|l 10035304
|
| 040 |
|
|
|a GR-MY-UA
|b gre
|e aacr
|
| 041 |
1 |
|
|a gre
|h fre
|
| 082 |
7 |
|
|a 305.42
|2 (22)
|
| 100 |
1 |
|
|a Alzon, Claude.
|
| 245 |
1 |
2 |
|a Η διπλή καταπίεση της γυναίκας :
|b εξουσία αστική και εξουσία αντρική /
|c Claude Alzon ; μετάφραση: Μαρτίνου Σοφία.
|
| 260 |
|
|
|a Αθήνα :
|b Ράππας,
|c 1976.
|
| 300 |
|
|
|a 127 σ. ;
|c 24 εκ.
|
| 500 |
|
|
|a Μετάφραση του: La femme potich et la femme bonniche.
|
| 650 |
0 |
0 |
|a Sex discrimination against women.
|
| 650 |
0 |
0 |
|a Women
|x Social conditions.
|
| 650 |
0 |
0 |
|a Women and socialism.
|
| 700 |
1 |
|
|a Μαρτίνου, Σοφία,
|e trlf
|
| 852 |
|
|
|a INST
|b RHODES
|e 19960704
|h 305.42 ALZ
|p 005400006018
|q 005400006018
|t BK
|y 0
|
| 909 |
|
|
|a Ρ
|b 006478
|
| 970 |
|
|
|z 1996/07
|